Blokklánc és Bitcoin, mint a jövő technológiái Innovációs lehetőségek a magyar szálláshelyeken

Bibliográfiai részletek
Szerző: Szikszai Dzsenifer Zóra
További közreműködők: Juhász-Dóra Katalin
Dokumentumtípus: Diplomadolgozat
Kulcsszavak:bitcoin
blokklánc
innováció
kriptográfia
kriptopénz
Online Access:http://dolgozattar.uni-bge.hu/59987

MARC

LEADER 00000nta a2200000 i 4500
001 dolg59987
005 20260409145832.0
008 260409suuuu hu om 000 hun d
040 |a BGE Dolgozattár Repozitórium  |b hun 
041 |a hu 
100 1 |a Szikszai Dzsenifer Zóra 
245 1 0 |a Blokklánc és Bitcoin, mint a jövő technológiái  |b Innovációs lehetőségek a magyar szálláshelyeken  |c Szikszai Dzsenifer Zóra  |h [elektronikus dokumentum] 
520 3 |a A dolgozat célja, hogy feltárja a blokklánc-technológia és a kriptovaluták, különösen a Bitcoin, alkalmazási lehetőségeit a magyarországi szálláshely-szolgáltatások területén. A kutatás kérdőíves felmérés és átfogó háttérkutatás segítségével vizsgálja a technológia ismertségét, elfogadottságát, valamint a jövőbeni felhasználási potenciált az iparág szereplői körében. Az eredmények rámutatnak, hogy bár a Bitcoin és más kriptovaluták alkalmazása a magyar szállodaiparban jelenleg korlátozott, a technológia kínálta lehetőségek jelentős előnyöket biztosíthatnak az innovációra nyitott szolgáltatók számára. A dolgozat továbbá elemzi az alkalmazás elterjedésének akadályait, mint például a szabályozási bizonytalanságokat, a technológiai ismerethiányt, valamint a felhasználói bizalom kérdését, és javaslatokat fogalmaz meg a technológia hatékonyabb integrációjára a magyarországi szálláshely-szolgáltatási szektorban. 
695 |a bitcoin 
695 |a blokklánc 
695 |a innováció 
695 |a kriptográfia 
695 |a kriptopénz 
700 1 |a Juhász-Dóra Katalin  |e ths 
856 4 0 |u http://dolgozattar.uni-bge.hu/59987/1/Blokkl%C3%A1nc%20%C3%A9s%20Bitcoin%2C%20mint%20a%20j%C3%B6v%C5%91%20technol%C3%B3gi%C3%A1i_Innov%C3%A1ci%C3%B3s%20lehet%C5%91s%C3%A9gek%20a%20magyar%20sz%C3%A1ll%C3%A1shelyeken.pdf  |z Dokumentum-elérés 
856 4 0 |u http://dolgozattar.uni-bge.hu/59987/2/JDK_Szikszai%20Dzsenifer%20Z%C3%B3ra_szakdolgozat%20b%C3%ADr%C3%A1lat.pdf  |z Dokumentum-elérés 
856 4 0 |u http://dolgozattar.uni-bge.hu/59987/3/Szikszai.pdf  |z Dokumentum-elérés